000 00615cam a22002293a 4500
001 14073
003 PGUSA
005 20140828083313.0
008 041117s2004||||xxu|||||s|||||000 1 eng d
040 _aPGUSA
_beng
042 _adc
050 4 _aPT
100 1 _aSten, Daniel,
_d1846-1930
245 1 0 _aBerättelser från Finland
_h[electronic resource] /
_cDaniel Sten
260 _bProject Gutenberg,
_c2004
506 _aPublic domain in the USA.
516 _aElectronic text
653 _aFiction
830 0 _aProject Gutenberg
_v14073
856 4 0 _uhttp://www.gutenberg.org/ebooks/14073
942 _cEB
999 _c243328
_d243328